00651nam a2200157Ia 4500100001800000942000700018654003200025245008500057260002400142082001600166546001200182999001700194952009400211952009400305952009400399 aWeston/ John  cBK aAutomated welding systems aFourth International Conference Automated Welding Systems In Manufacturing bGafesheadaUKc1991 a671.52bWES aENGLISH c31703d31703 001040708CRCaCRCEbCRCEd2023-03-17l0o671.52 WESp10699r2023-03-17w2023-03-17yBK 001040708CRCaCRCEbCRCEd2023-03-17l0o671.52 WESp10700r2023-03-17w2023-03-17yBK 001040708CRCaCRCEbCRCEd2023-03-17l0o671.52 WESp10701r2023-03-17w2023-03-17yBK